Issues in asset liability management (Record no. 51449)

000 -LEADER
fixed length control field 00522pab a2200145 454500
008 - FIXED-LENGTH DATA ELEMENTS--GENERAL INFORMATION
fixed length control field 180718b2002 xxu||||| |||| 00| 0 eng d
100 ## - MAIN ENTRY--PERSONAL NAME
Personal name Rajwade, A.V.
245 ## - TITLE STATEMENT
Title Issues in asset liability management
260 ## - PUBLICATION, DISTRIBUTION, ETC.
Date of publication, distribution, etc. 2002
300 ## - PHYSICAL DESCRIPTION
Extent p.378-79;37(7), 16 Feb 2001, p.617-18;37(9), 2 Mar 2001, p.832-33;37(11), 16 Mar 2001, p.1017-018;37(13), 30 Mar 2001, p.1186-187;37(15), 13 Apr 2002, p.1394-395
362 ## - DATES OF PUBLICATION AND/OR SEQUENTIAL DESIGNATION
Dates of publication and/or sequential designation 2 Feb
650 ## - SUBJECT ADDED ENTRY--TOPICAL TERM
Topical term or geographic name entry element Asset liability management
773 ## - HOST ITEM ENTRY
Main entry heading Economic and Political Weekly
909 ## -
-- 51449
Holdings
Withdrawn status Lost status Damaged status Not for loan Permanent Location Current Location Date acquired Serial Enumeration / chronology Barcode Date last seen Price effective from Koha item type
        Indian Institute of Public Administration Indian Institute of Public Administration 2018-07-19 Volume no: 37, Issue no: 5 AR51877 2018-07-19 2018-07-19 Articles

Powered by Koha